ՀՀ Գիտությունների ազգային ակադեմիայի հիմնարար գիտական գրադարան  =   Fundamental Scientific Library of NAS RA

Architecture : You and me : (Record no. 211207)

MARC details
000 -LEADER
fixed length control field 00736cam a22002291 4500
001 - CONTROL NUMBER
control field 000620251
003 - CONTROL NUMBER IDENTIFIER
control field AM-YeHGA
005 - DATE AND TIME OF LATEST TRANSACTION
control field 20250617140006.0
008 - FIXED-LENGTH DATA ELEMENTS--GENERAL INFORMATION
fixed length control field 720714s1958 maua 000 0 eng d
040 ## - CATALOGING SOURCE
Original cataloging agency AM-YeHGA
041 1# - LANGUAGE CODE
Language code of text/sound track or separate title eng
Language code of original ger
090 ## - LOCALLY ASSIGNED LC-TYPE CALL NUMBER (OCLC); LOCAL CALL NUMBER (RLIN)
-- 212716
100 1# - MAIN ENTRY--PERSONAL NAME
Personal name Giedion, Sigfried,
Dates associated with a name 1888-1968
245 10 - TITLE STATEMENT
Title Architecture : You and me :
Remainder of title The diary of a development /
Statement of responsibility, etc. [By] S. Giedion ; Transl. by Jaqueline Tyrwhitt.
260 ## - PUBLICATION, DISTRIBUTION, ETC.
Place of publication, distribution, etc. Cambridge, MA :
Name of publisher, distributor, etc. Harvard University Press,
Date of publication, distribution, etc. 1958.
300 ## - PHYSICAL DESCRIPTION
Extent 221 p. :
Other physical details ill. ;
Dimensions 22 cm.
500 ## - GENERAL NOTE
General note Translation of Architektur und Gemeinschaft
650 #0 - SUBJECT ADDED ENTRY--TOPICAL TERM
Topical term or geographic name entry element Ճարտարապետություն
650 #0 - SUBJECT ADDED ENTRY--TOPICAL TERM
Topical term or geographic name entry element Art
650 #0 - SUBJECT ADDED ENTRY--TOPICAL TERM
Topical term or geographic name entry element Art and society
700 1# - ADDED ENTRY--PERSONAL NAME
Personal name Tyrwhitt, Jaqueline
Relationship trl
Holdings
Withdrawn status Lost status Source of classification or shelving scheme Damaged status Not for loan Collection Home library Current library Date acquired Total checkouts Full call number Barcode Date last seen Price effective from Koha item type Public note
    Universal Decimal Classification     Terzian Individual Collection Fundamental Scientific Library Fundamental Scientific Library 29/12/2016   Terz/ 158 FL0078677 29/12/2016 29/12/2016 Գրքեր / Books ILL Non-Circ.


ՀՀ ԳԱԱ հիմնարար գիտական գրադարան
ՀՀ,Երևան 0019
Մարշալ Բաղրամյան 24/6
հեռախոս:(374-10) 52-47-50
Հետադարձ կապ

All site content, except where otherwise noted, is licensed under a
Creative Commons License